Every 100,000+ City in Guinea and Guinea-Bissau in Order - Statistics

General Stats
  • This quiz has been taken 23 times
    8 since last reset
  • The average score is 7 of 19
Answer Stats
Letter Population City % Correct
B 582,514 Bissau
100%
C 2,779,360 Conakry
67%
B 115,607 Boké
33%
C 150,053 Coyah
33%
D 205,015 Dubréka
33%
F 122,198 Faranah
33%
G 228,074 Guéckédou
33%
K 109,705 Kamsar
33%
K 350,077 Kankan
33%
K 228,078 Kindia
33%
K 133,593 Kissidougou
33%
L 327,422 Labé
33%
L 102,616 Lola
33%
M 110,090 Macenta
33%
M 295,442 Mamou
33%
M 304,702 Manéah
33%
N 341,492 Nzérékoré
33%
S 102,356 Sangarédi
33%
S 236,446 Siguiri
33%
No matching quizzes found
Score Distribution
Percent of People with Each Score
Percentile by Number Answered
Your Score History
You have not taken this quiz since the last reset